<?xml version="1.0" encoding="UTF-8"?><?xml-stylesheet type="text/xsl" href="static/style.xsl"?><OAI-PMH xmlns="http://www.openarchives.org/OAI/2.0/" xmlns:xsi="http://www.w3.org/2001/XMLSchema-instance" xsi:schemaLocation="http://www.openarchives.org/OAI/2.0/ http://www.openarchives.org/OAI/2.0/OAI-PMH.xsd"><responseDate>2026-04-17T05:18:49Z</responseDate><request verb="GetRecord" identifier="oai:www.recercat.cat:10459.1/85339" metadataPrefix="marc">https://recercat.cat/oai/request</request><GetRecord><record><header><identifier>oai:recercat.cat:10459.1/85339</identifier><datestamp>2024-12-05T22:13:43Z</datestamp><setSpec>com_2072_3622</setSpec><setSpec>col_2072_479130</setSpec></header><metadata><record xmlns="http://www.loc.gov/MARC21/slim" xmlns:dcterms="http://purl.org/dc/terms/" xmlns:xsi="http://www.w3.org/2001/XMLSchema-instance" xmlns:doc="http://www.lyncode.com/xoai" xsi:schemaLocation="http://www.loc.gov/MARC21/slim http://www.loc.gov/standards/marcxml/schema/MARC21slim.xsd">
   <leader>00925njm 22002777a 4500</leader>
   <datafield ind2=" " ind1=" " tag="042">
      <subfield code="a">dc</subfield>
   </datafield>
   <datafield ind2=" " ind1=" " tag="720">
      <subfield code="a">Casals Bergés, Quintí</subfield>
      <subfield code="e">author</subfield>
   </datafield>
   <datafield ind2=" " ind1=" " tag="260">
      <subfield code="c">2023-02-01T09:03:41Z</subfield>
   </datafield>
   <datafield ind2=" " ind1=" " tag="260">
      <subfield code="c">2023-02-01T09:03:41Z</subfield>
   </datafield>
   <datafield ind2=" " ind1=" " tag="260">
      <subfield code="c">2022</subfield>
   </datafield>
   <datafield ind2=" " ind1=" " tag="520">
      <subfield code="a">En el present article parlarem de la creació del món cooperatiu agrari a Catalunya, centrantnos en els casos de les comarques de les Garrigues i el Segrià. En ambdós casos es copsa la mateixa dinàmica de fundació, molt limitada cronològicament als anys de la Mancomunitat de Catalunya (1914-1923), que en va ser promotora. Altrament, l’evolució del cooperativisme agrari va ser molt diferent a partir de l’època franquista, mantenint-se gairebé inalterat a les Garrigues i evolucionant a formes més complexes capitalistes al Segrià.</subfield>
   </datafield>
   <datafield ind2=" " ind1=" " tag="520">
      <subfield code="a">In this article we will talk about the creation of&#xd;
the agricultural cooperative world in Catalonia,&#xd;
focusing on the cases of the areas of Les&#xd;
Garrigues and Segrià. In both cases, the same&#xd;
founding dynamic is captured, very limited&#xd;
chronologically to the years of the Catalonia’s&#xd;
Mancomunity (1914-1923), which was its&#xd;
promoter. Otherwise, the evolution of agrarian&#xd;
cooperativism was very different from the&#xd;
Franco era: in Les Garrigues remaining almost&#xd;
unchanged and in the Segrià evolving into more&#xd;
complex capitalist forms.</subfield>
   </datafield>
   <datafield ind1="8" ind2=" " tag="024">
      <subfield code="a">http://hdl.handle.net/10459.1/85339</subfield>
   </datafield>
   <datafield tag="653" ind2=" " ind1=" ">
      <subfield code="a">Sindicats agraris</subfield>
   </datafield>
   <datafield tag="653" ind2=" " ind1=" ">
      <subfield code="a">Cooperatives</subfield>
   </datafield>
   <datafield tag="653" ind2=" " ind1=" ">
      <subfield code="a">Cooperativisme</subfield>
   </datafield>
   <datafield tag="653" ind2=" " ind1=" ">
      <subfield code="a">Mancomunitat de Catalunya (1914-1923)</subfield>
   </datafield>
   <datafield tag="653" ind2=" " ind1=" ">
      <subfield code="a">Agricultural unions</subfield>
   </datafield>
   <datafield tag="653" ind2=" " ind1=" ">
      <subfield code="a">Cooperativism</subfield>
   </datafield>
   <datafield tag="653" ind2=" " ind1=" ">
      <subfield code="a">Catalonia’s Mancommunity (1914-1923)</subfield>
   </datafield>
   <datafield ind2="0" ind1="0" tag="245">
      <subfield code="a">Els inicis del cooperativisme a les terres de Lleida. Els casos de les comarques del Segrià i les Garrigues</subfield>
   </datafield>
   <datafield ind2="0" ind1="0" tag="245">
      <subfield code="a">The beginnings of cooperativism in the lands of Lleida. The cases of the regions of Segrià and Les Garrigues</subfield>
   </datafield>
</record></metadata></record></GetRecord></OAI-PMH>